Entire positive solutions of semilinear elliptic systems in the plane /

Guardat en:
Dades bibliogràfiques
Autor principal: Furusho, Yasuhiro.
Altres autors: Otonari, Tetsuya.
Format: Article
Idioma:English
Matèries:
Etiquetes: Afegir etiqueta
Sense etiquetes, Sigues el primer a etiquetar aquest registre!
Thư viện lưu trữ: Thư viện Trường Đại học Đà Lạt
LEADER 00974nam a2200301 4500
001 DLU090093078
005 ##20091201
040 # # |a DLU  |b eng 
041 # # |a eng 
044 # # |a jp 
100 # # |a Furusho, Yasuhiro.  
245 # # |a Entire positive solutions of semilinear elliptic systems in the plane /  |c Yasuhiro Furusho, Tetsuya Otonari. 
653 # # |a Elliptic systems 
653 # # |a Emden-Fowler type equations 
653 # # |a Nonnegative functions 
653 # # |a Schauder-Tychonoff fixed point theorem 
653 # # |a Supersolution-subsolution method 
700 # # |a Otonari, Tetsuya.  
773 # # |t Advances in Mathematical Sciences and Applications  |g Vol. 4, no. 2 (1994), p. 443-463 
920 # # |a Phòng Tạp chí -- Trung tâm Thông tin - Thư viện Trường Đại học Đà Lạt 
994 # # |a DLU 
900 # # |a True 
911 # # |a Trương Bảo Trâm Anh 
925 # # |a G 
926 # # |a A 
927 # # |a BB 
980 # # |a Thư viện Trường Đại học Đà Lạt